000 003070000a22001450004500
003 MACL
040 _aMACL
090 _c32618
_d32616
100 _aPhull, D S
245 _aIndian Polity
260 _bBright Careers Institute
350 _a65
650 _aPolitical Science
942 _cBOOK
_k320.095/PHU
999 _c32284
_d32284